| 000 | 00602nam a22002297a 4500 | ||
|---|---|---|---|
| 003 | UA-OsUOA | ||
| 001 | 55563 | ||
| 007 | ta | ||
| 008 | 20080917b un ||||| |||| 00| 0 ukr d | ||
| 100 | _aЧистякова Н. | ||
| 700 | _aВулих Н. | ||
| 090 |
_a82 _bЧ-68 |
||
| 942 | _cSA | ||
| 040 |
_aUA-OsUOA _brus _cUA-OsUOA _dUA-OsUOA |
||
| 245 | _aВерлилий | ||
| 300 | _aС.27-36 | ||
| 955 | _a0 | ||
| 041 | _arus | ||
| 080 | _a82 | ||
| 773 | 0 |
_w55562 _tЗарубіжна література _dК. _d2008 _g34 |
|
| 650 | 7 |
_a82 Література. Літературознавство _2UDC |
|
| 999 |
_c341643 _d341643 |
||